MARC

LEADER 00000nam0a2200000 4500
001 270755
005 20231101234355.0
020 |a RU  |b 87-31831 
035 |a (RuTPU)RU\TPU\book\293936 
090 |a 270755 
100 |a 20141001d1987 km y0rusy5003 ca 
101 0 |a rus 
102 |a RU 
105 |a a z 000zy 
200 1 |a Раскованный Прометей  |f В. В. Пошатаев 
210 |a Москва  |c Мол. гвардия  |d 1987 
215 |a 239 с.  |c ил. 
606 1 |a Научно-техническая революция  |x Социальные проблемы  |2 stltpush  |3 (RuTPU)RU\TPU\subj\45162  |9 64423 
610 1 |a технический прогресс 
610 1 |a наука 
610 1 |a социология 
610 1 |a робототехника 
610 1 |a космос 
610 1 |a ЭВМ 
610 1 |a новые технологии 
610 1 |a изобретательская деятельность 
610 1 |a глобальное мышление 
686 |a С55.1  |v LBC/SL-A  |2 rubbk 
700 1 |a Пошатаев  |b В. В.  |g Владимир Васильевич  |4 070 
801 0 |a RU  |b RuMRKP  |c 19950417  |g psbo 
801 1 |a RU  |b 63413507  |c 20141001 
801 2 |a RU  |b 63413507  |c 20170307  |g RCR 
942 |c BK